LEADER 00965nam a2200265 i 4500 001 000000159812 003 CaOOAMICUS 005 20070305000000.0 008 070305s1979 it u000 u ita u 013 $a137175 040 $aSeMil$bita 100 1 $aRadi, Luciano <1922-2014>.$0(OLS)http://semarc/name/90521 245 13$aLa talpa rossa /$cLuciano Radi. 260 $aMilano :$bRusconi,$c1979. 300 $a238 p. ;$c19 cm. 490 0 $aProblemi attuali 500 $aFondo Card. Giovanni Colombo. 650 4$aPartito Comunista Italiano <1921-1991>.$0(OLS)http://semarc/subject/5222 830 0$aProblemi attuali.$0(OLS)http://semarc/title/7307 850 $aSeMil 852 $aSeMil$W1$xVenegono$y1$m1F IV 16$j111330$B111330$CSeMilBibl$Z2$F121065 $81 941 1 $a3 961 $aLascito: Colombo Card. Giovanni 996 $6245$aLa talpa rossa$9(OLS)http://semarc/title/142058 996 $6260$aMilano :$bRusconi$9(OLS)http://semarc/publisher/30258 LEADER 00902nam a2200241 i 4500 001 000000255354 003 CaOOAMICUS 005 20170814000000.0 008 170814s2016 it u000 u ita u 013 $a234262 020 $a978-88-430-8043-4 040 $aSeMil$bita 245 10$aDalle origini a Socrate /$ca cura di Mauro Bonazzi. 300 $a314 p. ;$c23 cm. 490 0 $aFrecce ;$v209 700 1 $aBonazzi, Mauro.$0(OLS)http://semarc/name/52325 773 0 $tStoria della filosofia antica.$dRoma : Carocci, 2016.$g1$w()5072 830 0$aFrecce ;$v209.$0(OLS)http://semarc/title/6388 850 $aSeMil 852 $aSeMil$W1$xVenegono$y1$m2P IV 778$j205700$B205700$CSeMilBibl$Z2$F219055 $81 961 $aSottoscrizione: Cittą Nuova (Agente) 996 $6020$a978-88-430-8043-4$9(OLS)http://semarc/number/279165 996 $6245$aDalle origini a Socrate$9(OLS)http://semarc/title/411622